000 00506nam a2200181 i 4500
001 64154
003 ES-MaACL
005 20230906165045.0
007 t|
008 031222s1965 sp ||||1| spa d
100 1 _aFleming, Ian.
_951171
245 1 0 _aCiudades excitantes /
_cIan Fleming ; [traducción de J. Riambau].
250 _a[1ª ed.].
260 _a[Barcelona :
_bAyma,
_c1965]
300 _a224 p., 28 lám. ;
_c21 cm.
700 1 _aRiambau, J.
_996678
852 _aES-MaACL
_jC-30722
_bR.58152
999 _c64154
_d64154